[Event "Lovfalds EMT 16th Basis 3"]
[Site "Ringsted"]
[Date "2002.09.13"]
[Round "1"]
[White "Hansen, Arne Mandrup"]
[Black "Beljaev, Peter"]
[Result "1-0"]
[WhiteElo "1211"]
[BlackElo "1204"]
[PlyCount "43"]
[EventDate "2002.09.13"]
[EventType "tourn"]
[EventRounds "5"]
[EventCountry "DEN"]
[SourceTitle "EXT 2023"]
[Source "ChessBase"]
[SourceDate "2022.10.05"]
[SourceVersion "1"]
[SourceVersionDate "2022.10.05"]
[SourceQuality "1"]

1. b3 d5 2. Bb2 c5 3. e3 Nc6 4. Bb5 Bd7 5. Nf3 e6 6. Bxc6 Bxc6 7. 0-0 Nf6 8. d3 b6 9. Ne5 Bb7 10. f4 Nd7 11. Qg4 g5 12. Nxd7 Rg8 13. Nf6+ Ke7 14. Nxg8+ Kd6 15. Bf6 Qe8 16. Be5+ Kc6 17. fxg5 Bd6 18. Nf6 Qc8 19. Bxd6 Kxd6 20. Nd2 Qc6 21. e4 Rc8 22. Rf2 1-0